000 01332nam a2200313 c 4500
999 _c41901
_d41901
003 BLK
005 20221114104749.0
008 180408b bul|||||r ||||||| ||bul||
010 _aKNG00045501000
040 _aBLK
041 _aBUL
_cBUL
080 _aТорове. Торене. Стимулиране растежа на растенията. Растителни стимулатори
_b631.8
_x(075.32)
_z631.8(075.32)
100 1 _aВелчев, Велчо В.
_eпърви автор
_9245114
139 _aВелчев, Велчо В. и др.
_bВ 44
245 1 0 _aАгрохимия
_bУчебник за селскостоп. техникуми със спец. агрохимия и раст. защита
_cВелчо Велчев; Георги В. Николов.
257 _aBGR
260 _bЗемиздат
_c1978
_fХасково : Ат. Стратиев
_aСофия
300 _a223 с.
_c22 см
380 _a63
500 _a1070 тир.
650 4 _aАгрохимия
_9146490
650 4 _aУчебници - за средните училища
_9265747
700 1 _aНиколов, Георги В.
_eсъавт.
_9366994
852 _aЦб 92175
856 4 _qpdf
_i0.00
_ldisable
856 4 _qpdf
_i0.00
_ldisable
942 _cKNG
_n0
_s1
944 _aCR
_c2022-11-14
_kвт